000 00306nam a22001337a 4500
008 171023b xxu||||| |||| 00| 0 eng d
020 _a0205105661
041 _aeng
080 _23RD
_a338
100 _a54
101 _aMEN
245 _aQUANTITATIVE ANALYSIS FOR MANAGEMENT
_cRENDER,B
942 _2udc
_cBK
999 _c35398
_d35398